000 00580nam a2200205Ia 4500
003 OSt
005 20251121160832.0
020 _a0-07-251584-8
040 _cLC
050 _aTK 5105 .F 67 2004
_b1
100 _aFOROUZAN, BEHROUZ A
245 0 _aDATA COMMUNICATION AND NETWORKING
250 _a3
260 _aBOSTON,
_bMcGRAW-HILL HIGHER EDUCATION,
_c2004,
300 _aXXXiV, 973 P, ILL
500 _aINCLUDES INDEX
650 _aData transmissios systems, Computer networks TCP/IP (Computer network protocol)
700 _aFEGAN, CHUNG SOPHIA
942 _cBK
_2lcc
_n0
999 _c204632
_d204632